| 000 | 00545nas a2200193 4500 | ||
|---|---|---|---|
| 005 | 20180927112228.0 | ||
| 008 | 180927b xxu||||| |||| 00| 0 spa d | ||
| 022 | _a16594908 | ||
| 245 | _aRevista Nacional de Administración | ||
| 260 | _aCosta Rica | ||
| 260 | _bEUNED | ||
| 440 |
_aRevista Nacional de Administración _949945 |
||
| 650 |
_aADMINISTRACIÓN DE EMPRESAS _9521 |
||
| 650 |
_aORGANIZACIONES _949946 |
||
| 650 |
_aMERCADOTECNIA _9800 |
||
| 650 |
_aESTRATEGIAS _95950 |
||
| 650 |
_aINNOVACIÓN EMPRESARIAL _949947 |
||
| 942 | _cREV | ||
| 999 |
_c11182 _d11182 |
||